Skoki Narciarskie - trenerzy Polski - Statystyki

Ogólne statystyki
  • Ten quiz został rozwiązany 327 razy
    140 od ostatniego zresetowania
  • Średni wynik to 6 z 17
Statystyki odpowiedzi
Hint Odpowiedź % Poprawnych
2008-2016 Łukasz Kruczek
85%
1999-2004 Apoloniusz Tajner
81%
2016-2019 Stefan Horngacher
75%
2019-2022 Michal Doležal
73%
2022-2025 Thomas Thurnbichler
68%
2025- Maciej Maciusiak
65%
2006-2008 Hannu Lepistö
48%
1999-1999 Piotr Fijas
40%
2004-2006 Heinz Kuttin
39%
1994-1999 Pavel Mikeska
21%
1992-1994 Piotr Pawlusiak
4%
1969-1976 Janusz Fortecki
2%
1981-1991 Lech Nadarkiewicz
2%
1967-1969 Antoni Wieczorek
1%
1950-1967 Mieczysław Kozdruń
1%
1976-1981 Tadeusz Kołder
1%
1991-1992 Jarosław Węgrzynkiewicz
0%
Nie znaleziono quizów pasujących do podanych kryteriów
Rozkład punktacji
Procent ludzi z każdym wynikiem
Percentyl według liczby udzielonych odpowiedzi
Twoja historia wyników
Nie rozwiązałeś tego quizu od ostatniego zresetowania